The drumlins of southeastern Wisconsin (preliminary paper) / (Record no. 24423)

MARC details
000 -LEADER
fixed length control field 01026cam a22003011i 4500
001 - CONTROL NUMBER
control field gs 06000396
003 - CONTROL NUMBER IDENTIFIER
control field DLC
005 - DATE AND TIME OF LATEST TRANSACTION
control field 20260227111303.0
008 - FIXED-LENGTH DATA ELEMENTS--GENERAL INFORMATION
fixed length control field 790223s1905 dcuabf f001 0 eng
010 ## - LIBRARY OF CONGRESS CONTROL NUMBER
LC control number gs 06000396
035 ## - SYSTEM CONTROL NUMBER
System control number (OCoLC)4684612
040 ## - CATALOGING SOURCE
Original cataloging agency DLC
Transcribing agency ICharE
Modifying agency DLC
042 ## - AUTHENTICATION CODE
Authentication code premarc
043 ## - GEOGRAPHIC AREA CODE
Geographic area code n-us-wi
050 00 - LIBRARY OF CONGRESS CALL NUMBER
Classification number QE75
Item number .B9 no. 273
051 ## - LIBRARY OF CONGRESS COPY, ISSUE, OFFPRINT STATEMENT
Classification number QE179
Item number .A35
Copy information Copy 2.
100 1# - MAIN ENTRY--PERSONAL NAME
Personal name Alden, William C.
Fuller form of name (William Clinton),
Dates associated with a name 1871-
245 14 - TITLE STATEMENT
Title The drumlins of southeastern Wisconsin (preliminary paper) /
Statement of responsibility, etc. by William C. Alden.
260 ## - PUBLICATION, DISTRIBUTION, ETC.
Place of publication, distribution, etc. Washington,
Name of publisher, distributor, etc. Govt. Print. Off.,
Date of publication, distribution, etc. 1905.
300 ## - PHYSICAL DESCRIPTION
Extent 46, iii p. :
Other physical details ix pl. (incl. fold. map) diagrs.;
Dimensions 24 cm.
490 1# - SERIES STATEMENT
Series statement U.S. Geological survey. Bulletin
Volume/sequential designation no. 273
500 ## - GENERAL NOTE
General note Subject series: B, Descriptive geology, 76.
500 ## - GENERAL NOTE
General note Issued also as House doc. no. 206, 59th Cong., 1st sess.
500 ## - GENERAL NOTE
General note Includes index.
650 #0 - SUBJECT ADDED ENTRY--TOPICAL TERM
Topical term or geographic name entry element Drumlins.
650 #0 - SUBJECT ADDED ENTRY--TOPICAL TERM
Topical term or geographic name entry element Geology
Geographic subdivision Wisconsin.
810 2# - SERIES ADDED ENTRY--CORPORATE NAME
Corporate name or jurisdiction name as entry element Geological Survey (U.S.).
Title of a work Bulletin ;
Volume/sequential designation no. 273.

No items available.

Powered by Koha